The loyalty link : How loyal employees create loyal customers

Wedi'i Gadw mewn:
Manylion Llyfryddiaeth
Prif Awdur: McCarthy, Dennis G.
Fformat: Llyfr
Iaith:Undetermined
Cyhoeddwyd: New York Wiley 1997
Pynciau:
Tagiau: Ychwanegu Tag
Dim Tagiau, Byddwch y cyntaf i dagio'r cofnod hwn!
Thư viện lưu trữ: Trung tâm Học liệu Trường Đại học Cần Thơ
LEADER 00535nam a2200193Ia 4500
001 CTU_98196
008 210402s9999 xx 000 0 und d
082 |a 658.8 
082 |b M123 
100 |a McCarthy, Dennis G. 
245 4 |a The loyalty link : 
245 0 |b How loyal employees create loyal customers 
245 0 |c Dennis G. McCarthy 
260 |a New York 
260 |b Wiley 
260 |c 1997 
650 |a Customer relations,Employee loyalty 
904 |i M.Loan 
980 |a Trung tâm Học liệu Trường Đại học Cần Thơ